ব্যোমকেশ সমগ্র /

Podrobná bibliografie
Hlavní autor: বন্দ্যোপাধ্যায়, শরদিন্দু, ১৮৯৯-১৯৭০
Médium: Kniha
Jazyk:Bengali
Vydáno: কলকাতা : আনন্দ পাবলিশার্স, ১৯৯৬
Témata:
Classic Catalogue: View this record in Classic Catalogue
LEADER 01523nam a2200277 a 4500
001 31747
003 BD-DhAAL
005 20251120154205.0
008 170708s20161996ii ||||| |||| 00| 1 ben d
020 |a 8172153554 
020 |a 9788172153557 
040 |a BD-DhAAL  |c BD-DhAAL 
041 0 |a ben 
082 0 4 |a 891.44  |2 23 
100 |a বন্দ্যোপাধ্যায়, শরদিন্দু,  |d ১৮৯৯-১৯৭০.  |9 21755 
245 |a ব্যোমকেশ সমগ্র /  |c শরদিন্দু বন্দ্যোপাধ্যায় 
260 |a কলকাতা :  |b আনন্দ পাবলিশার্স,  |c ১৯৯৬  |g (২০১৬ মুদ্রণ) 
300 |a ১০০৮ পৃষ্ঠা :  |b চিত্র ;  |e ২৫ সে.মি. 
504 |a গ্রন্থপঞ্জিগত নির্দেশিকা (পৃষ্ঠা ১০০৫-১০০৬) ও নির্ঘণ্ট অন্তর্ভুক্ত। 
526 |a AAL 
541 |e 31747, 31748 
650 |a Bengali fiction  |9 21756 
942 |2 ddc  |c BK 
999 |c 38158  |d 38158 
952 |0 0  |1 0  |2 ddc  |4 0  |6 891_440000000000000_BAN  |7 0  |9 60777  |a BRACUL  |b BRACUL  |c GEN  |d 2017-05-22  |e 24  |g 1320.00  |l 23  |m 211  |o 891.44 BAN  |p 3010031747  |q 2026-06-02  |r 2025-11-18  |s 2025-11-18  |t 1  |v 1320.00  |w 2017-05-22  |y BK 
952 |0 0  |1 0  |2 ddc  |4 0  |6 891_440000000000000_BAN  |7 0  |9 60778  |a BRACUL  |b BRACUL  |c GEN  |d 2017-05-22  |e 24  |g 1320.00  |l 19  |m 221  |o 891.44 BAN  |p 3010031748  |q 2025-10-08  |r 2025-07-20  |s 2025-07-20  |t 2  |v 1320.00  |w 2017-05-22  |y BK